| 000 | 01462nam a22003377a 4500 | ||
|---|---|---|---|
| 999 |
_c4785 _d4785 |
||
| 005 | 20251125232756.0 | ||
| 008 | s2539 th tha d | ||
| 020 | _a9745715107 | ||
| 040 | _aNALT | ||
| 041 | _atha | ||
| 050 | _aJQ1745 ก1ล 2539 | ||
| 100 | 0 | _aลิขิต ธีรเวคิน | |
| 245 | 1 | 0 | _aการเมืองการปกครองของไทย / ลิขิต ธีรเวคิน [3rd] |
| 260 | 3 |
_aกรุงเทพฯ : _bสำนักพิมพ์มหาวิทยาลัยธรรมศาสตร์, _c2539 |
|
| 300 |
_a392 หน้า : _b ตาราง ; _c 26 ซม. |
||
| 650 | 0 | 4 | _aการกระจายอำนาจ |
| 650 | 0 | 4 | _aชาตินิยม |
| 650 | 0 | 4 | _aการปกครองท้องถิ่น -- ไทย |
| 650 | 0 | 4 | _aข้าราชการ -- ไทย |
| 650 | 0 | 4 | _aประชาธิปไตย |
| 650 | 0 | 4 | _aการเลือกตั้ง -- ไทย, 2 ก.ค.2538 |
| 650 | 0 | 4 | _aพรรคการเมือง |
| 650 | 0 | 4 | _aสภาตำบล |
| 650 | 0 | 4 | _aไทย -- การเมืองและการปกครอง |
| 650 | 0 | 4 | _aอุดมการณ์ทางการเมือง |
| 650 | 0 | 4 | _aผู้นำท้องถิ่น |
| 850 | _aNALT | ||
| 856 | 4 | 0 |
_uhttps://hdl.handle.net/20.500.14156/409355 _71 |
| 942 |
_cGB _2lcc |
||